Statystyki dla Jaki kraj reprezentuje ten piłkarz Ekstraklasy #2

Kliknij tutaj aby rozwiązać quiz!

Ogólne statystyki

  • Ten quiz został rozwiązany 13 razy
  • Średni wynik to 14 z 20

Statystyki odpowiedzi

PiłkarzNarodowość% Poprawnych
Tomas PekhartCzechy
100%
Efthymios KoulourisGrecja
92%
NenePortugalia
92%
Valentin CojocaruRumunia
92%
Niilo MäenpääFinlandia
85%
Benjamin KällmanFinlandia
85%
Gil DiasPortugalia
85%
Barry DouglasSzkocja
85%
Aleks PetkovBułgaria
77%
Dante StipicaChorwacja
77%
Andrejs CiganiksŁotwa
77%
Zlatan AlomerovicSerbia
77%
Péter BaráthWęgry
77%
Miguel MuñozHiszpania
69%
Lawrence EnnaliNiemcy
62%
Kaan CaliskanerNiemcy
38%
Adriel Ba LouaWybrzeże Kości Słoniowej
38%
Dario VizingerChorwacja
31%
Erick OtienoKenia
31%
Marco EhmannRumunia
23%

Rozkład punktacji

Percentyl według liczby udzielonych odpowiedzi

Procent ludzi z każdym wynikiem

Twoja historia wyników

Nie rozwiązałeś tego quizu